Research methods for business : (Record no. 282523)
[ view plain ]
| 000 -LEADER | |
|---|---|
| fixed length control field | 01192cam a2200325 a 4500 |
| 001 - CONTROL NUMBER | |
| control field | 17587054 |
| 005 - DATE AND TIME OF LATEST TRANSACTION | |
| control field | 20150202160623.0 |
| 008 - FIXED-LENGTH DATA ELEMENTS--GENERAL INFORMATION | |
| fixed length control field | 130110s2013 enka b 001 0 eng |
| 010 ## - LIBRARY OF CONGRESS CONTROL NUMBER | |
| LC control number | 2012047273 |
| 020 ## - INTERNATIONAL STANDARD BOOK NUMBER | |
| International Standard Book Number | 9781119942252 (pbk.) |
| 020 ## - INTERNATIONAL STANDARD BOOK NUMBER | |
| International Standard Book Number | 9781118527863 (ebk) |
| 020 ## - INTERNATIONAL STANDARD BOOK NUMBER | |
| International Standard Book Number | 9781118527740 (ebk) |
| 020 ## - INTERNATIONAL STANDARD BOOK NUMBER | |
| International Standard Book Number | 9781118527856 (ebk) |
| 040 ## - CATALOGING SOURCE | |
| Original cataloging agency | DLC |
| Transcribing agency | DLC |
| 042 ## - AUTHENTICATION CODE | |
| Authentication code | pcc |
| 050 00 - LIBRARY OF CONGRESS CALL NUMBER | |
| Classification number | HD 30.4 |
| Item number | .Se435 2013 |
| 082 00 - DEWEY DECIMAL CLASSIFICATION NUMBER | |
| Classification number | 650.072 |
| 100 1# - MAIN ENTRY--PERSONAL NAME | |
| Personal name | Sekaran, Uma. |
| 245 10 - TITLE STATEMENT | |
| Title | Research methods for business : |
| Remainder of title | a skill-building approach / |
| Statement of responsibility, etc | Uma Sekaran and Roger Bougie. |
| 250 ## - EDITION STATEMENT | |
| Edition statement | 6th ed. |
| 260 ## - PUBLICATION, DISTRIBUTION, ETC. (IMPRINT) | |
| Place of publication, distribution, etc | Chichester, West Sussex : |
| Name of publisher, distributor, etc | Wiley, |
| Date of publication, distribution, etc | c2013. |
| 300 ## - PHYSICAL DESCRIPTION | |
| Extent | xxi, 423 pages : |
| Other physical details | illustrations ; |
| Dimensions | 24 cm. |
| 504 ## - BIBLIOGRAPHY, ETC. NOTE | |
| Bibliography, etc | Includes bibliographical references and index. |
| 650 #0 - SUBJECT ADDED ENTRY--TOPICAL TERM | |
| Topical term or geographic name as entry element | Business |
| General subdivision | Research |
| -- | Methodology. |
| 700 1# - ADDED ENTRY--PERSONAL NAME | |
| Personal name | Bougie, Roger. |
| 776 08 - ADDITIONAL PHYSICAL FORM ENTRY | |
| Display text | Online version: |
| Main entry heading | Sekaran, Uma. |
| Title | Research methods for business |
| Edition | 6th ed. |
| Place, publisher, and date of publication | Hoboken, NJ : Wiley, c2013 |
| International Standard Book Number | 9781118527726 |
| Record control number | (DLC) 2013001359 |
| 906 ## - LOCAL DATA ELEMENT F, LDF (RLIN) | |
| a | 7 |
| b | cbc |
| c | orignew |
| d | 1 |
| e | ecip |
| f | 20 |
| g | y-gencatlg |
| 942 ## - ADDED ENTRY ELEMENTS (KOHA) | |
| Source of classification or shelving scheme | Library of Congress Classification |
| Koha item type | Books |
| Withdrawn status | Lost status | Source of classification or shelving scheme | Damaged status | Home library | Current library | Shelving location | Date acquired | Source of acquisition | Total Checkouts | Total Renewals | Full call number | Barcode | Date last seen | Date checked out | Price effective from | Koha item type |
|---|---|---|---|---|---|---|---|---|---|---|---|---|---|---|---|---|
| Library of Congress Classification | Southville International School Affiliated with Foreign Universities Library | Southville International School Affiliated with Foreign Universities Library | Southville Foreign University Section | 02/02/2015 | Library Fund | 5 | 9 | HD 30.4 .Se435 2013 | SFU1755 | 10/01/2019 | 08/29/2019 | 02/02/2015 | Books |